00328nam a2200121Ia 4500008004100000041000800041082001600049100002000065245004500085260003200130300003100162365001300193240624s9999 xx 000 0 und d aeng a658.452 PAR aPARKIN MARGARET aTALES FOR TRAINERS USING STORIES AND MET c2010aNew DelhibKogan Page avii, : 200 : p. : cm. ; 23 cRSb33.5